| 000 | 00925cam a22002775a 4500 | ||
|---|---|---|---|
| 001 | 015691140 | ||
| 003 | OSt | ||
| 005 | 20171026145438.0 | ||
| 008 | 101102s2016 enk frb 001 0 eng d | ||
| 020 | _a9781594519154 (hbk.) | ||
| 020 | _a1594519153 (hbk.) | ||
| 020 | _a9781594519161 (pbk.) | ||
| 040 |
_aStDuBDS _beng _cStDuBDS _dUk _dEG-ScBUE |
||
| 082 | 0 | 4 |
_a303.484 _bBUE _222 |
| 100 | 1 | 0 |
_aBuechler, Steven M., _d1951- |
| 245 | 1 | 0 |
_aUnderstanding social movements : _btheories from the classical era to the present / _cSteven M. Buechler. |
| 260 |
_aLondon ; _aNew York : _bRoutledge / Taylor & Francis Group, _c2016. |
||
| 300 |
_ax, 257 p. ; _c24 cm. |
||
| 500 | _aFirst published 2011 by Paradigm publishers. | ||
| 504 | _aIncludes bibliographical references and index. | ||
| 650 | 7 |
_aSocial movements. _2BUEsh |
|
| 651 | _2BUEsh | ||
| 653 |
_bBUSBOL _cOctober2017 |
||
| 655 |
_vText book _933728 |
||
| 942 | _2ddc | ||
| 999 |
_c25509 _d25481 |
||